| 000 | 00739nam a22002417a 4500 | ||
|---|---|---|---|
| 005 | 20100814123728.0 | ||
| 008 | 090109t xxu||||| |||| 00| 0urd d | ||
| 010 | _a UR-7724 | ||
| 020 | _c200.00 | ||
| 035 | _aU-6279 | ||
| 040 |
_adpl _burd |
||
| 082 | _a841 | ||
| 100 |
_912785 _aعثمان جوہری |
||
| 245 |
_aروبرو / _cعثمان جوہری |
||
| 246 |
_aRubaru / _bby Atam Sharfi |
||
| 260 |
_aعثمان جوہری _c2009 |
||
| 270 | _bAtam Sharfi | ||
| 300 |
_a172 ص _c22 س م (Hb) |
||
| 650 |
_2critisim _912786 |
||
| 700 | _913088 | ||
| 942 |
_2ddc _cUR _h841 _mع ث م |
||
| 999 |
_c41891 _d41891 |
||